<?xml version="1.0" encoding="UTF-8"?>
<record
    xmlns:xsi="http://www.w3.org/2001/XMLSchema-instance"
    xsi:schemaLocation="http://www.loc.gov/MARC21/slim http://www.loc.gov/standards/marcxml/schema/MARC21slim.xsd"
    xmlns="http://www.loc.gov/MARC21/slim">

  <leader>00408nam a2200133Ia 4500</leader>
  <datafield tag="050" ind1=" " ind2=" ">
    <subfield code="a">PL 8704 </subfield>
    <subfield code="b">K8M6 1995</subfield>
  </datafield>
  <datafield tag="100" ind1=" " ind2=" ">
    <subfield code="a">MOHAMED SAID AHMED</subfield>
    <subfield code="9">4083</subfield>
  </datafield>
  <datafield tag="245" ind1=" " ind2="0">
    <subfield code="a">KUNGA ZA NATHARI YA KISWAHILI: Tamthilia,Riwaya na Hadithi fupi</subfield>
  </datafield>
  <datafield tag="020" ind1=" " ind2=" ">
    <subfield code="a">9966468366</subfield>
  </datafield>
  <datafield tag="260" ind1=" " ind2=" ">
    <subfield code="a">EAST AFRICAN PUBLISHERS</subfield>
    <subfield code="b">NAIROBI</subfield>
    <subfield code="c">1995</subfield>
  </datafield>
  <datafield tag="040" ind1=" " ind2=" ">
    <subfield code="c">Chuka University Library</subfield>
  </datafield>
  <datafield tag="942" ind1=" " ind2=" ">
    <subfield code="c">BK</subfield>
    <subfield code="0">3</subfield>
  </datafield>
  <controlfield tag="008">230105s9999||||xx |||||||||||||| ||und||</controlfield>
  <datafield tag="952" ind1=" " ind2=" ">
    <subfield code="0">0</subfield>
    <subfield code="1">0</subfield>
    <subfield code="2">lcc</subfield>
    <subfield code="4">0</subfield>
    <subfield code="7">0</subfield>
    <subfield code="8">LGL</subfield>
    <subfield code="a">CHK</subfield>
    <subfield code="b">CHK</subfield>
    <subfield code="c">GEN</subfield>
    <subfield code="d">2023-01-05</subfield>
    <subfield code="l">3</subfield>
    <subfield code="o">PL 8704 .K8M6 1995</subfield>
    <subfield code="p">4521/2009</subfield>
    <subfield code="r">2026-03-09 10:53:00</subfield>
    <subfield code="s">2026-02-17</subfield>
    <subfield code="t">C.1</subfield>
    <subfield code="w">2023-01-05</subfield>
    <subfield code="y">BK</subfield>
  </datafield>
  <datafield tag="999" ind1=" " ind2=" ">
    <subfield code="c">6496</subfield>
    <subfield code="d">6496</subfield>
  </datafield>
</record>
